[Event "POL-ch U20 Girls"]
[Site "Trzebinia"]
[Date "1999.??.??"]
[Round "?"]
[White "Lysiak, Magdalena"]
[Black "Kwiecien, Joanna"]
[Result "1-0"]
[WhiteElo "2043"]
[BlackElo "2035"]
[PlyCount "81"]
[EventDate "1999.??.??"]
[EventType "tourn"]
[EventRounds "11"]
[EventCountry "POL"]
[SourceTitle "EXT 2000"]
[Source "ChessBase"]
[SourceDate "1999.11.16"]
[SourceVersion "1"]
[SourceVersionDate "1999.11.16"]
[SourceQuality "1"]

1. e4 c5 2. Nf3 g6 3. d4 cxd4 4. Nxd4 Bg7 5. Nc3 Nc6 6. Be3 d6 7. Be2 Nf6 8. f3 0-0 9. Qd2 Nxd4 10. Bxd4 Qa5 11. g4 h5 12. g5 Nd7 13. Bxg7 Kxg7 14. Nd5 Qd8 15. Ne3 Nc5 16. 0-0-0 Be6 17. Nd5 Qd7 18. Kb1 Kg8 19. Qe3 Rfe8 20. Nf4 Qa4 21. Nxe6 Nxe6 22. f4 Rac8 23. c3 Rc5 24. Rdf1 Ra5 25. a3 Qb3 26. Bd1 Qb5 27. Be2 Qb3 28. Bd1 Qb5 29. a4 Qc4 30. b4 Ra6 31. Kb2 Qc6 32. f5 Nd8 33. fxg6 fxg6 34. Bb3+ Kh7 35. b5 Qb6 36. Qh3 Ra5 37. Qd7 Rg8 38. Bxg8+ Kxg8 39. Qe8+ Kg7 40. Qxe7+ Kg8 41. Rf8# 1-0

[Event "POL-chT 54th"]
[Site "Lubniewice"]
[Date "1998.11.03"]
[Round "3"]
[White "Kwiecien, Joanna"]
[Black "Gazik, Renata"]
[Result "0-1"]
[WhiteElo "2000"]
[BlackElo "2195"]
[PlyCount "68"]
[EventDate "1998.11.01"]
[EventType "team-tourn"]
[EventRounds "9"]
[EventCountry "POL"]
[SourceTitle "EXT 2019"]
[Source "ChessBase"]
[SourceDate "2018.10.10"]
[SourceVersion "1"]
[SourceVersionDate "2018.10.10"]
[SourceQuality "1"]
[WhiteTeam "Lublin Drakon SKOK Chmielewskiego"]
[BlackTeam "Raciborz Rzemioslo"]
[WhiteTeamCountry "POL"]
[BlackTeamCountry "POL"]

1. d4 Nf6 2. Nf3 e6 3. Bf4 c5 4. c3 Qb6 5. Qb3 Nc6 6. e3 Be7 7. Nbd2 d5 8. h3 0-0 9. Be2 Bd7 10. Ne5 Na5 11. Qc2 Bb5 12. Bg4 cxd4 13. exd4 Rac8 14. Be3 Rfd8 15. Be2 Bxe2 16. Kxe2 Nc6 17. Nxc6 bxc6 18. b4 Bd6 19. Rhe1 Qb5+ 20. Qd3 e5 21. Nb3 Ne4 22. Rec1 f5 23. Qxb5 cxb5 24. Nc5 f4 25. Nxe4 dxe4 26. dxe5 Bxe5 27. Bc5 Rd3 28. Bd4 Bxd4 29. cxd4 Rd8 30. Rc5 R8xd4 31. Rxb5 f3+ 32. gxf3 exf3+ 33. Ke1 Rh4 34. Rd1 Re4+ 0-1

[Event "POL-chT 54th"]
[Site "Lubniewice"]
[Date "1998.11.01"]
[Round "1"]
[White "Kwiecien, Joanna"]
[Black "Kaczorowska, Barbara"]
[Result "0-1"]
[WhiteElo "2000"]
[BlackElo "2135"]
[PlyCount "68"]
[EventDate "1998.11.01"]
[EventType "team-tourn"]
[EventRounds "9"]
[EventCountry "POL"]
[SourceTitle "EXT 2019"]
[Source "ChessBase"]
[SourceDate "2018.10.10"]
[SourceVersion "1"]
[SourceVersionDate "2018.10.10"]
[SourceQuality "1"]
[WhiteTeam "Lublin Drakon SKOK Chmielewskiego"]
[BlackTeam "Warszawa Entropia"]
[WhiteTeamCountry "POL"]
[BlackTeamCountry "POL"]

1. Nf3 Nf6 2. c4 g6 3. Nc3 d5 4. cxd5 Nxd5 5. e4 Nxc3 6. dxc3 Qxd1+ 7. Kxd1 Bg7 8. Bf4 c6 9. Kc2 Nd7 10. Bc4 b5 11. Be2 Nc5 12. Nd2 0-0 13. Be3 Na4 14. Nb3 f5 15. f3 a5 16. Nd4 Bd7 17. Rad1 Rfb8 18. Nb3 Rb7 19. Rd2 Kf7 20. Rhd1 Ke8 21. g4 fxe4 22. fxe4 b4 23. Nc5 bxc3 24. Nxb7 cxd2 25. Rxd2 Rb8 26. Nxa5 Rxb2+ 27. Kc1 Rb4 28. Bf3 Bb2+ 29. Kc2 Bc3 30. Nb3 Bxd2 31. Bxd2 Rc4+ 32. Kd3 Nb2+ 33. Ke3 Ra4 34. Nc1 c5 0-1